Statistics for Save Your Tears Remix Lyrics

Click here to take the quiz!

General Stats

  • This quiz has been taken 106 times
  • The average score is 153 of 185

Answer Stats

HintAnswer% Correct
A
98%
a
98%
| Verse1I
97%
you
95%
You
95%
for
94%
another
92%
Chorus | Chorus 2x | Outro 3xSave
92%
tears
92%
your
92%
me
91%
me,
91%
saw
91%
when
89%
away
88%
away,
88%
dancing
88%
day
88%
run
88%
in
86%
so
86%
cry
84%
make
84%
room
84%
Don't
83%
don't
83%
know
83%
why
83%
look
81%
not
81%
single
81%
surprise
81%
crowded
80%
oh
80%
with
80%
by
78%
eye
78%
falling
78%
I'm
78%
back
77%
from
77%
happy
77%
Take
77%
take
77%
'cause
75%
stay
75%
that
75%
wanna
75%
But
73%
teardrop
73%
then
73%
yeah
73%
caught
72%
And
70%
someone
70%
better
67%
it,
67%
late
67%
too
67%
deserve
66%
much
66%
realize
66%
else
63%
couldn't
59%
help
59%
it's
59%
my
59%
nobody
59%
through
59%
hell
58%
put
56%
boy
55%
Boy,
55%
distance
55%
like
55%
moon
55%
kept
53%
Ooh,
53%
Verse2Met
50%
once
50%
under
50%
girl,
45%
Pisces
45%
said
45%
2xna-
23%

Score Distribution

Percentile by Number Answered

Percent of People with Each Score

Your Score History

You have not taken this quiz